[Event "Asia-ch 4th"]
[Site "Doha"]
[Date "2003.02.27"]
[Round "6"]
[White "Sadvakasov, Darmen"]
[Black "Dao, Thien Hai"]
[Result "1/2-1/2"]
[WhiteElo "2523"]
[BlackElo "2560"]
[Annotator "Huzman,A"]
[PlyCount "105"]
[EventDate "2003.02.22"]
[EventType "swiss"]
[EventRounds "9"]
[EventCountry "QAT"]
[SourceTitle "CBM 094"]
[Source "ChessBase"]
[SourceDate "2003.05.26"]
[SourceVersion "1"]
[SourceVersionDate "2003.05.26"]
[SourceQuality "1"]

1. e4 e5 2. Nf3 Nf6 3. Nxe5 d6 4. Nf3 Nxe4 5. d4 d5 6. Bd3 Nc6 7. O-O Be7 8. c4
Nb4 9. Be2 O-O 10. Nc3 Bf5 11. a3 Nxc3 12. bxc3 Nc6 13. Re1 Bf6 14. Bf4 Na5 (
14... Rc8 15. Qa4 (15. cxd5 Qxd5 16. Nd2 Qd7 17. Nb3 Rce8 18. Nc5 Qc8 19. Qa4
a5 20. Bf3 $16 {1/2-1/2 Shirov,A-Kramnik,V/Monte Carlo 1999/CBM 69 ext (32)})
15... a6 16. Qb3 Na5 17. Qb4 Nxc4 18. Qxb7 c5 19. Bxc4 dxc4 20. Be5 $16 {
1-0 Sax,G-Jurkovic,A/Nova Gorica 2002/CBM 86 ext (34)}) (14... Ne7 $6 15. Qb3
b6 16. cxd5 Nxd5 17. Be5 Bg4 $6 18. Rad1 Be7 $6 19. h3 Bh5 20. g4 $1 $16 {
1-0 Kasparov,G-Sokolov,I/Sarajevo 2000/CBM 77/[Blatny,P] (26)}) 15. cxd5 Qxd5
16. Nd2 (16. Qa4 b6 17. Rad1 (17. Bxc7 Rfc8 18. Be5 Qb3 19. Qb4 Rxc3 20. Bxf6
gxf6 21. Nh4 Bg6 22. Bf3 Rf8 23. Qe7 Kg7 24. d5 $16 {1/2-1/2 Benjamin,
J-Nielsen,P/Las Vegas 1999/CBM 72 (59)}) 17... Be6 18. Bd3 c6 19. Ne5 Qb3 20.
Qxb3 Bxb3 21. Rb1 Rfe8 22. Re3 Bd5 23. Ng4 Be7 24. Rbe1 Be6 25. a4 Rad8 26. Ne5
Bd6 27. Bg3 Bd5 $11 {1/2-1/2 Varga,Z-Drazic,S/Budapest 2001/CBM 83 ext (46)}) (
16. Bxc7 b6 (16... Rac8 17. Be5 Rxc3 18. Bxf6 gxf6 19. Rc1 Rxc1 20. Qxc1 Re8
21. Qc7 Bg6 22. h3 Kg7 23. Bf1 Rxe1 24. Nxe1 Nb3 $11 {1/2-1/2 Sokolovs,
A-Nielsen,P/Germany 1998/GER-chT (30)}) 17. Be5 Rac8 18. Bd3 Bg6 19. Bxf6 gxf6
20. Re3 Nc4 21. Bxc4 Qxc4 22. Nd2 Qd5 23. Qf3 $16 {1-0 Saint Amand,P-Buscar,M/
Guelph 2002/CBM 89 ext (55)}) (16. Bf1 b6 17. Ne5 Rad8 18. g4 Be4 19. Qe2 Bxe5
20. Bxe5 Nb3 21. Ra2 Bf3 22. Qe3 Na5 23. Rc2 f6 24. Bxc7 Rd7 25. Bg3 Bxg4 26.
Bg2 Qb3 27. Rcc1 Qf7 28. d5 $36 {1-0 Anand,V-Sokolov,I/Kopavogur 2000/EXT 2001
(56)}) (16. Ne5 c5 17. Bg4 $1 Bxg4 18. Nxg4 Qd8 19. Nxf6+ Qxf6 20. Be5 Qc6 21.
dxc5 $14 {1/2-1/2 Adams,M-Dao Thien Hai/New Delhi/Theran 2000/CBM 81/[Huzman] 
(57)}) (16. Be5 Bxe5 17. Nxe5 c5 18. Bf3 Qb3 19. g4 Bc2 20. Qd2 Rad8 21. Rac1
Bg6 22. c4 b6 23. Re3 Qa4 24. Bd1 Rxd4 25. Qe1 Rxd1 26. Qxd1 Qxd1+ 27. Rxd1 $18
{1/2-1/2 Ivanov,A-Maslov,M/Smolensk 2001/EXT 2002 (48)}) 16... Qd7 (16... c5
17. Bf3 Qd8 18. Ne4 Bxe4 19. Bxe4 cxd4 20. cxd4 Bxd4 21. Rb1 Rc8 22. Rb5 Bb6
23. Qh5 g6 24. Qf3 Rc5 25. Rxc5 Bxc5 26. Rd1 Qf6 27. h3 Rd8 $11 {1/2-1/2
Priborsky,I-Bartos,J/Plzen 2001/EXT 2002 (43)}) 17. g4 $5 {This attempt to
push for an advantage is rather typical for this opening.} (17. Bf3 Rfe8 18.
Ne4 Be7 19. Ng3 Bg6 20. Ra2 (20. Re5 Nc4 21. Bg4 Qc6 22. Bf3 Qb6 23. Re2 Nb2
24. Qd2 Nc4 25. Qe1 Kf8 26. Bd5 Qb5 27. Bxc4 Qxc4 $15 {1/2-1/2 Friedel,
J-Lerner,D/USA 2000/EXT 2003 (43)}) (20. Bg4 Qc6 21. Bf3 Qd7 22. Ra2 Bf8 23.
Rae2 Rxe2 24. Qxe2 c6 25. h4 $36 {1-0 Polgar,J-Nielsen,P/Las Vegas 1999/CBM 72
(38)}) 20... Bd6 21. Bxd6 cxd6 22. Rae2 Kf8 23. Bd5 Rxe2 24. Qxe2 Rc8 25. Qf3
b6 26. Be6 Qe7 27. Re3 $14 {1/2-1/2 Sekanina,J-Pokorny,P/Rakovnik 2001/EXT
2002 (32)}) 17... Be6 (17... Bg6 18. g5 Be7 19. Bg4 Qd8 20. Nf3 $36 (20. h4 Bd6
21. Qf3 f6 $132)) 18. Be3 (18. g5 Be7 19. Bd3 c5 $132) 18... b5 19. a4 a6 20.
axb5 axb5 21. Ne4 Bh4 $6 (21... Be7 22. Nc5 Bxc5 23. dxc5 Qxd1 24. Rexd1 Nc4
25. Bf4 $14) 22. Nc5 Qc6 23. Bf3 $2 (23. g5 $1 Nc4 (23... Bd5 24. Bd3 {[%cal
Gd1h5]} Bf3 25. Qb1 Nc4 26. Bxh7+ Kh8 27. Rxa8 Rxa8 28. Be4 Bxe4 29. Qxe4 Qxe4
30. Nxe4 Kh7 31. Kg2 $16) 24. Rxa8 Rxa8 25. Bxc4 bxc4 (25... Bxc4 26. Qg4 $18)
26. Nxe6 Qxe6 27. Qf3 c6 (27... Rf8 28. d5 Qd7 29. Qe4 Qh3 30. Bc5 $18) 28. Bd2
Qd7 29. Qe4 $18) 23... Bd5 24. Bxd5 Qxd5 25. Bf4 Qd8 26. Qf3 c6 27. Red1 {
[%cal Gd4d5]} (27. Ra2 $5 Re8 (27... Nc4 28. Rae2 Bg5 29. Bg3 $14) 28. Rea1 $36
) 27... Be7 28. Bg3 Qc8 $11 29. Nd3 Re8 30. d5 cxd5 31. Ne5 Bf6 32. Rxd5 $2 (
32. Nxf7 $1 Kxf7 (32... Re4 33. Nh6+ Kh8 34. Rxd5 Qxc3 35. Qxe4 Qxa1+ 36. Kg2
$40) 33. g5 Qxc3 34. Qxd5+ Kg6 35. gxf6 Qc6 36. Qd3+ $40) 32... Nc4 33. Rxa8
Qxa8 34. Nxc4 (34. Rxb5 Qa1+ 35. Kg2 Bxe5 36. Qc6 Rd8 37. Qxc4 (37. Bxe5 Nd2
$132) 37... Qxc3 38. Rd5 Rc8 $11) 34... bxc4 35. Kg2 h6 36. h4 Re1 37. g5 $2
hxg5 38. hxg5 Bxg5 39. Bc7 (39. Rf5 Qxf3+ 40. Kxf3 Bf6 41. Rf4 $15) 39... Qa1 (
39... Ra1 $5 40. Rf5 Bf6 41. Qxa8+ Rxa8 42. Rc5 (42. Ba5 Rc8 $17) 42... Rc8 $1
$19) 40. Ra5 (40. Rb5 $1 Rg1+ 41. Kh2 Kh7 (41... Bh6 42. Bg3 $40) 42. Qe4+ g6
43. Qf3 Bh6 44. Be5 Bg7 45. Qh3+ Bh6 46. Qf3 Bg7 47. Bxg7 Kxg7 48. Rb7 Kh6 49.
Qh3+ Kg7 50. Qf3 $11) 40... Qb1 41. Bh2 Qg6 42. Qf5 Qxf5 43. Rxf5 Bf6 44. Rc5
$15 Rc1 45. Rxc4 Rxc3 46. Rxc3 Bxc3 47. Bd6 Kh7 48. Kh3 Kg6 49. Kg4 f5+ 50. Kg3
Kf6 51. f4 Ke6 52. Bc7 Kd5 53. Kf3 1/2-1/2

[Event "Linares 20th"]
[Site "Linares"]
[Date "2003.03.08"]
[Round "13"]
[White "Leko, Peter"]
[Black "Anand, Viswanathan"]
[Result "1-0"]
[WhiteElo "2736"]
[BlackElo "2753"]
[Annotator "Huzman,A"]
[PlyCount "130"]
[EventDate "2003.02.22"]
[EventType "tourn"]
[EventRounds "14"]
[EventCountry "ESP"]
[EventCategory "20"]
[SourceTitle "CBM 094"]
[Source "ChessBase"]
[SourceDate "2003.05.26"]
[SourceVersion "1"]
[SourceVersionDate "2003.05.26"]
[SourceQuality "1"]

{[%mdl 2]} 1. e4 {Hecht} e5 2. Nf3 Nf6 3. Nxe5 d6 4. Nf3 Nxe4 5. d4 d5 6. Bd3
Nc6 7. O-O Be7 8. c4 Nb4 9. Be2 O-O 10. Nc3 Bf5 11. a3 Nxc3 12. bxc3 Nc6 13.
Re1 Re8 14. cxd5 Qxd5 15. Bf4 Rac8 16. Bd3 Qd7 (16... Bxd3 17. Qxd3 h6 18. c4
Qd7 19. Rad1 Bd6 20. Be3 Rcd8 21. Qc3 Qf5 22. d5 Ne5 23. Nxe5 {1/2-1/2 Nedev,
T-Pavasovic,D/Bled 2002/EXT 2003 (23)}) 17. Rb1 (17. Bb5 Bd6 18. Rxe8+ Rxe8 19.
Bxd6 Qxd6 20. d5 Rd8) 17... Bxd3 (17... b6 18. Bxf5 Qxf5 19. Bg3 Qd5) 18. Qxd3
b6 19. d5 Bf6 (19... Bxa3 20. Ng5 $1 (20. Rxe8+ Rxe8 21. Qb5 (21. Ra1 Bc5 22.
Ng5 g6 23. Ne4 Qf5 24. Nxc5 Qxf4 25. g3 Qe5 $11) 21... Qf5 (21... Nb8 22. Qxd7
Nxd7 23. Ra1 Bd6 24. Bxd6 cxd6 25. Rxa7 Nc5 $14)) 20... g6 21. Ne4 Be7 22. Rbd1
Na5 (22... f5 23. Ng5 Bxg5 24. Bxg5 $44) 23. Bh6 Qf5 24. Qd4 f6 25. Ng3 Qd7 26.
d6 Bf8 (26... Bxd6 27. Ne4 Rxe4 28. Rxe4 $16) 27. Ne4 $1 Rxe4 28. Qxe4 Bxh6 29.
dxc7 Bd2 (29... Qxc7 30. Qe6+ Kh8 31. Rd7 $18) 30. Qb4 $1 Rxc7 31. Rxd2 $16)
20. c4 h6 21. h3 Re7 22. Rbd1 Rd8 (22... Rce8 23. Rxe7 Nxe7 24. Re1 $14) 23.
Rxe7 Nxe7 24. Ne5 Bxe5 25. Bxe5 {[%csl Rc7]} Re8 26. Bg3 Nf5 $6 (26... c6 $5
27. d6 (27. dxc6 Qxd3 28. Rxd3 Nxc6 29. c5 bxc5 30. Rc3 Re6 31. Rxc5 Kf8 $11)
27... Nf5 28. Bh2 c5 $132) (26... Nc8 $5 27. Qd4 Nd6 28. c5 Re4 29. Qb2 Nf5 30.
c6 Qe7 $14) 27. Bxc7 Qxc7 28. Qxf5 Qxc4 29. d6 $16 Rd8 30. d7 Qc6 31. g3 (31.
Qe5 Kf8 $14) 31... a6 32. h4 b5 {Black's best chance to defend his position is
to create a passing pawn on the Q-side.} 33. Rd5 a5 34. Rxb5 g6 $1 35. Qd5 Qxd7
36. Qxd7 Rxd7 37. Rxa5 Kg7 ({Mit} 37... h5 {(Hecht) erreicht Schwarz
bekanntermaßen die beste Bauernaufstellung am Königsflügel, die weißen
Raumvorteil auf dieser Seite verhindert und, falls erforderlich, Gegenspiel
mit f6 und g5 ermöglicht. Im übrigen geht der schwarze Turm nach a2/a3, um den
weißen f-Bauern anzugreifen, gleich ob der weiße Turm seinen a-Bauern von vorn
oder von der Seite verteidigt.}) (37... h5 {Hecht} 38. Rb5 Rd1+ $5 ({In Frage
kommt} 38... Rd3 $1 39. a4 Ra3 40. a5 Kg7 41. Kf1 Ra2 42. Kg2 Ra3 $14 {was die
Aktivierung des Königs verhindert auf Kosten des Vormarschs des a-Bauern um
zwei Felder.}) 39. Kg2 Ra1 40. Rb3 Ra2 41. Kf3 Kg7 42. Ke3 Kf6 43. f3 Rg2 44.
a4 Ra2 (44... Rxg3 {ist mehr als kritisch wegen der Hinterstellung des weißen
Turms.} 45. a5 Rg1 46. Ra3 Re1+ 47. Kf4 Re7 48. a6 Ra7 49. Ra5 Ke7 (49... Kg7
50. Ke5 g5 ({Die Freibauernbildung} 50... f6+ 51. Kd6 g5 52. Kc6 gxh4 53. Kb6
Ra8 54. a7 Kg6 55. Kb7 Rxa7+ 56. Kxa7 h3 57. Kb6 h2 58. Ra1 Kg5 59. Rh1 Kf4 60.
Rxh2 Kxf3 61. Rxh5 Ke4 62. Kc5 f5 63. Rh8 f4 64. Kc4 Ke3 65. Kc3 f3 66. Re8+
Kf2 67. Kd2 Kg2 68. Ke3 $18 {kommt zu spät und zeigt einen der typischen
Abläufe in diesem Endspiel.}) 51. hxg5 Kg6 52. Kf4 $18) 50. Kg5 $18 {mit den
Ideen f4-f5 i.V. mit evtl. Kf6 bzw. Kh6.}) 45. Rb4 Ra3+ 46. Ke4 $16 {gefällt
mir wegen der Aktivierung des weißen Königs viel weniger als die
Klammeranmerkung zu 38...Td1+}) 38. a4 (38. Rb5 {(Hecht) ist die Alternative})
38... Rd1+ $6 (38... Rd4 $1 39. Kf1 h5 40. Ke2 Rb4 $16 {Judging by the endgame
theory, Black has considerable chances to save the game.}) 39. Kg2 Ra1 {
'?!' Hecht.} (39... h5 $1 {Hecht} 40. Rb5 Ra1 41. a5 Ra3 42. Kf1 Ra2 43. Ke1
Kf6 {vergleiche die Anmerkung zu 37...h5!}) 40. g4 {'!' Hecht. Hecht:
'Verhindert praktisch h5 und sichert Raumvorteil, was die schwarzen Chancen
auf Gegenspiel verringert.'} Kf6 41. Kg3 Rc1 {'?' Hecht. Hecht: 'wurde
vielfach und wohl zu Recht kritisiert.'} 42. Rb5 g5 $2 (42... Rc4 $142 {Hecht}
43. a5 Ra4 {und ist sicher hartnäckiger}) 43. Rf5+ Kg6 44. h5+ $16 {/+- Hecht:
'Weiß hat eine Superaufstellung erreicht, denn alles ist gedeckt. Doch sind
die Verhältnisse nicht ganz so wie in Holzke-Niedermaier,BL02/03 (#40 in der
Endspieldatenbank), weil dort der weiße König sich frei bewegen kann. Hier
gibt es trotz berechtigter weißer Hochstimmung eine Schwierigkeit.'} Kg7 {
'!' Hecht.} 45. a5 Ra1 $2 (45... Rc4 $1 {I considered that move as the most
essential to Black's defensive strategy.P. Leko argues that White is still
nearly winning after Hecht: 'was den weißen König immobil macht. Und'} 46. Kf3
{'!' Hecht.} (46. f4 Rc3+ 47. Kf2 f6 (47... gxf4 {Hecht} 48. Rxf4 Ra3 49. Rf5
f6 $1 (49... Ra4 50. g5 $1) 50. Rb5 Kf7 51. Rb7+ (51. Ke2 Ra4 52. Kf3 Ke6 53.
Rb6+ Ke5 54. a6 Ra3+ $11 {ändert nichts}) 51... Ke6 52. Rb6+ Ke5 53. a6 Kf4 $11
) 48. Rd5 (48. Rb5 Ra3 49. f5 Ra4 50. Ke3 Kf8) 48... Ra3 (48... gxf4 49. Rd7+
Kf8 50. a6 $18) 49. f5 Ra4 50. Ke3 Kf8 51. Kd3 Ke7 52. Kc3 Rxg4 53. Kb3 Rg1
$132 {[%cal Yg5g1]}) (46. f3 Rc2 $14) 46... Ra4 47. Ke3 $1 Rxg4 48. Kd3 Kf8 $5
(48... Ra4 49. Kc3 Kf8 50. Kb3 Ra1 51. Kb4 Ke7 52. Kb5 Ke6 53. Rc5 Kd7 54. Kb6
Rb1+ 55. Rb5 $18) (48... Rh4 49. Kc3 Rxh5 50. a6 Rh1 51. Ra5 Rc1+ 52. Kb4 Rc8
53. a7 Ra8 54. Kb5 h5 55. Kb6 Kg6 56. Kb7 Rxa7+ 57. Rxa7 {'+-' Hecht.} h4 58.
Kc6 f6 59. Kd5 Kf5 60. Rh7 Kg4 61. Ke4 h3 62. Rh8 $18) (48... f6 {Hecht} 49.
Kc3 Kf7 50. Kb3 Ke6 51. a6 Kxf5 52. a7 Rh4 53. a8=Q Rxh5 54. Qc8+ Kf4 55. Qe6
Rh4 56. Qxf6+ $18) (48... Rh4 49. Kc3 Rxh5 50. a6 Rh1 51. Ra5 Rc1+ 52. Kd4 Rc8
53. a7 Ra8 54. Kc5 h5 55. Kb6 Kg6 56. Kb7 Rxa7+ 57. Rxa7 $18 {[%csl Rf7][%cal
Rb7c6,Rc6d5]}) 49. a6 Ra4 50. Rf6 Kg7 51. Rc6 Ra2 $132) 46. Kg2 {'+-!' Hecht.}
Re1 (46... Ra4 {Hecht} 47. f3 Ra2+ 48. Kf1 {[%cal Gf1b1,Gb1b5] mit jetzt
freiem König und klarem Gewinnplan}) 47. f3 Re6 48. Kf2 Kf8 49. Rb5 Kg7 50. Rf5
Kf8 51. Rc5 Kg7 52. Rb5 Kf8 53. Rb6 $1 {[%csl Rh6]} Re5 54. a6 Kg7 55. a7 Ra5
56. Rb7 Ra3 57. Ke2 Kf6 58. Kd2 Ke6 59. Kc2 f6 60. Kb2 {[%cal Gb2b6]} Ra4 61.
Kb3 Ra1 62. Kb4 Kd6 63. Rh7 Ke5 64. Kb5 Ra2 65. Kb6 Kd5 (65... Kd5 66. Rh8 $18)
1-0

[Event "Corus-B"]
[Site "Wijk aan Zee"]
[Date "2005.01.20"]
[Round "5"]
[White "Karjakin, Sergey"]
[Black "Mamedyarov, Shakhriyar"]
[Result "1/2-1/2"]
[WhiteElo "2599"]
[BlackElo "2657"]
[Annotator "Huzman,A"]
[PlyCount "45"]
[EventDate "2005.01.15"]
[EventType "tourn"]
[EventRounds "13"]
[EventCountry "NED"]
[EventCategory "13"]
[SourceTitle "CBM 105"]
[Source "ChessBase"]
[SourceDate "2005.04.11"]
[SourceVersion "1"]
[SourceVersionDate "2005.04.11"]
[SourceQuality "1"]

1. e4 e5 2. Nf3 Nf6 3. Nxe5 d6 4. Nf3 Nxe4 5. d4 d5 6. Bd3 Bd6 7. O-O O-O 8.
Re1 Re8 9. c4 c6 10. Nc3 Nxc3 11. bxc3 Rxe1+ 12. Qxe1 h6 13. Ne5 (13. Rb1 Nd7 (
13... dxc4 14. Bxc4 b5 15. Bd3 Be6 16. Qe4 Kf8 17. Qh7 $16 {1-0 Chuprys,
V-Marolt,T/Chessfriend.com 2003/Telechess CBM 95 (23)}) 14. a4 b6 15. Qe2 Rb8
16. Ne5 Bxe5 17. dxe5 Nc5 18. Bc2 dxc4 19. Qxc4 Be6 20. Qe2 Rb7 21. Be3 $16 {
1-0 Fressinet,L-Dutreeuw,M/Mondariz 2000/CBM 79 (55)}) (13. c5 Bc7 14. Nh4 $1
Bxh2+ (14... b6 15. Nf5 Be6 16. Ba3 Nd7 17. cxb6 axb6 18. Ne7+ Kh8 19. Nxc6
Bxh2+ 20. Kxh2 Qc7+ 21. Kg1 Rxa3 22. Qc1 Ra8 23. Bb5 Qd6 24. a4 Rc8 25. Na7 Rc7
26. Bxd7 Qxd7 27. Nb5 Rc6 28. Qf4 Qd8 29. Re1 Kg8 30. Re3 Rc4 31. Rg3 g5 32.
Qe5 Rxa4 33. Nc7 Kh7 34. Nxe6 fxe6 35. Qxe6 Ra1+ 36. Kh2 Qc7 37. Qf5+ Kg7 38.
f4 Rf1 39. Qe5+ {1/2-1/2 Stellwagen,D-Mamedyarov,S/Wijk aan Zee NED 2005/(39)})
15. Kxh2 Qxh4+ 16. Kg1 Qd8 17. Qe3 $5 {[%cal Ge3g3]} b6 18. Qg3 Kh8 19. Qh2 Qf8
20. Bf4 Nd7 21. Re1 $16 {1-0 Anand,V-Mamedyarov,S/Benidorm 2003/CBM 99/[Huzman]
(54)}) 13... Qf6 $146 {Black tries to neutralise the initiative of White by
exchanging the light-squared bishops.} (13... Nd7 14. f4 Nxe5 (14... Nf6 15. c5
Bc7 16. Rb1 $36 {1-0 Polgar,J-Mamedyarov,S/Benidorm ESP 2003/(47)} (16. a4 Qe7
17. a5 a6 18. Be3 Qd8 19. Bf2 Bxa5 20. Bh4 $44 {1-0 Strautins,V-Schulz,G/ICCF
Email 2002/ICCF Telechess CBM 100 (40)})) (14... Qc7 15. Bd2 Nf6 16. Qe3 b6 17.
Re1 Bb7 18. Qg3 (18. c5 $5) 18... c5 19. cxd5 cxd4 20. cxd4 Bxd5 21. f5 $13 {
0-1 Vaczi,I-Bopp,T/IECG 2003/Telechess CBM 99 (44)}) 15. dxe5 Bc5+ 16. Be3 dxc4
$1 (16... Qb6 17. Bxc5 Qxc5+ 18. Qf2 $14) 17. Bxc4 Qb6 18. Bf2 Be6 $1 $11 19.
Bxe6 {1/2-1/2 Motylev,A-Meijers,V/Istanbul 2003/CBM 96/[Huzman] (19)}) 14. Rb1
b6 15. cxd5 cxd5 16. c4 (16. Qe2 Be6 (16... Bf5 $140 17. Qf3 Bxd3 18. Qxf6 gxf6
19. Nxd3 Kg7 20. Rb5 $18) (16... Bb7 17. Qh5 Nc6 18. Ng4 $40 {[%cal Gc1h6]})
17. Qh5 Qe7 18. Bf4 (18. f4 Nd7 19. f5 Nf6 20. fxe6 (20. Qh4 Bc8 21. Qg3 Kh7
22. Bf4 Qc7 $11) 20... Nxh5 21. exf7+ Kf8 22. Ng6+ Kxf7 23. Nxe7 Kxe7 $11)
18... Nd7 $11) 16... Bf5 $1 $11 {Just in time!} 17. Rb3 Nd7 (17... Bxd3 18.
Rxd3 dxc4 19. Nxc4 Nc6 $11) 18. Bxf5 Qxf5 19. Rf3 Qe4 20. Re3 Qf5 21. Rf3 (21.
g4 $5 Qf4 22. Qd1 Rd8 23. cxd5 (23. Re1 Qf6 24. Nxd7 Rxd7 25. Re8+ Kh7 26. Qd3+
Qg6 27. Qxg6+ Kxg6 28. cxd5 Be7 $11 {[%cal Ye7f6]}) 23... Nxe5 24. Rxe5 Qf6 25.
Re4 Rc8 $44) 21... Qe4 22. Re3 Qf5 23. Rf3 1/2-1/2

[Event "Corus"]
[Site "Wijk aan Zee"]
[Date "2004.01.22"]
[Round "10"]
[White "Leko, Peter"]
[Black "Shirov, Alexei"]
[Result "1/2-1/2"]
[WhiteElo "2722"]
[BlackElo "2736"]
[Annotator "Huzman,A"]
[PlyCount "50"]
[EventDate "2004.01.10"]
[EventType "tourn"]
[EventRounds "13"]
[EventCountry "NED"]
[EventCategory "19"]
[SourceTitle "CBM 099"]
[Source "ChessBase"]
[SourceDate "2004.03.30"]
[SourceVersion "1"]
[SourceVersionDate "2004.03.30"]
[SourceQuality "1"]

1. e4 e5 2. Nf3 Nf6 3. Nxe5 d6 4. Nf3 Nxe4 5. d4 d5 6. Bd3 Bd6 7. O-O O-O 8. c4
c6 9. Qc2 Na6 10. a3 f5 11. Nc3 Nc7 12. b4 Nxc3 (12... a5 13. b5 (13. c5 Be7
14. Bb2 Ne6 15. Na4 Bf6 16. Nb6 Ra7 17. Ne5 Nf4 18. f3 Bxe5 19. dxe5 Ng5 20. e6
Bxe6 21. Qd2 Nxd3 22. Qxd3 axb4 23. axb4 Rxa1 24. Rxa1 $44 {1/2-1/2 Anand,
V-Shirov,A/Monte Carlo MNC 2003/(39)}) 13... Bd7 (13... Ne6 14. cxd5 cxd5 15.
Nxd5 Bxh2+ 16. Kxh2 Qxd5 17. Bf4 Qd8 18. Be5 N4g5 19. Nxg5 Qxg5 20. f4 $16 {
1-0 Konguvel,P-Priya,P/Mumbai IND 2004/(31)}) 14. Rb1 Kh8 15. c5 Be7 16. bxc6
bxc6 17. Bf4 Ne6 18. Be5 Be8 19. Rb6 $16 {1-0 Svidler,P-Morozevich,A/
Krasnoyarsk RUS 2003/(49)}) (12... Bd7 13. Bb2 Be8 (13... Ng5 14. Ne5 Bxe5 (
14... dxc4 $5 15. Bxc4+ Be6 $14) 15. dxe5 f4 {[%cal Yf4f3]} 16. f3 Kh8 17. Rfd1
Qe8 18. Rac1 (18. cxd5 $1 $16 cxd5 19. h4 Nf7 (19... d4 20. hxg5 dxc3 21. Qxc3
Bc6 22. e6 $18) 20. Bxh7 $16) 18... dxc4 $8 19. Bxc4 a5 $132 {1/2-1/2 Leko,
P-Morozevich,A/Dortmund 2002/CBM 90/[Huzman] (41)}) 14. c5 Be7 15. Ne5 g6 16.
f3 Ng5 17. Rae1 Bf6 18. Nd1 Bg7 19. g3 Nf7 20. f4 Nxe5 21. dxe5 Ne6 $14 {
1/2-1/2 Rytshagov,M-Lauk,U/Tallinn EST 2003/(32)}) (12... Kh8 13. Bb2 (13. c5
Be7 14. Bf4 Ne6 15. Be5 Bf6 16. Rfd1 Bd7 17. Rab1 Be8 18. Be2 Bh5 19. Na4 Qe8
20. b5 Bxe5 21. dxe5 Nf4 $17 {0-1 Wang Yu-Nguyen Thi Thanh An/Chennai 2001/CBM
84 ext (46)}) 13... Bd7 14. Ne5 Be8 15. Ne2 Qg5 16. Kh1 Qh4 17. g3 Qf6 18. f3
Ng5 19. Nf4 Nge6 20. Nxe6 Nxe6 21. f4 Rd8 22. c5 Bc7 23. a4 a6 24. Rae1 Bh5 25.
Qf2 $16 {1-0 Zontakh,A-Kochyev,A/St Petersburg 2002/EXT 2003 (34)}) 13. Qxc3
dxc4 14. Bg5 $5 {Leko tries to improve the play of White in comparison with
the game Polgar,J-Lautier,J,2003. The idea of this move is exchanging the
black squared bishops or decoordination of Black pieces.} (14. Bxc4+ Be6 (14...
Nd5 15. Qb3 Kh8 16. Bg5 Be7 17. Bxe7 Nxe7 18. Ne5 Nd5 19. Bxd5 cxd5 20. Rfe1
$16 {1-0 Gaprindashvili,N-Sternina,V/Tbilisi 1973/EXT 2001 (53)}) 15. Bxe6+
Nxe6 16. Re1 Qd7 17. Ra2 Rae8 18. Rae2 Nc7 19. Ne5 Bxe5 20. dxe5 Re6 21. Rd2
Nd5 $14 {1-0 Polgar,J-Lautier,J/Cap D'Agde FRA 2003/(48)}) 14... Qd7 $1 (14...
Nd5 15. Bxc4 Qb6 16. Bxd5+ $5 (16. Rfe1 Be6 17. Qc2 Rae8 18. Re2 Qc7 19. Rae1
Qf7 $14) 16... cxd5 17. Rfe1 $36 {[%cal Gg5e7]}) (14... Qe8 $2 15. Bxc4+ Be6
16. Rfe1 Qg6 17. Rxe6 (17. Bxe6+ Nxe6 18. Qb3 Rfe8 19. Bd2 Qf7 $11) 17... Nxe6
18. Re1 Rfe8 19. Qb3 $18) 15. Bxc4+ Nd5 16. Qb3 h6 17. Bxd5+ cxd5 18. Bd2 Qf7
$14 {/=.The pair of bishops compensates fully the weakness of the square e5.
It is important for Black to prevent the exchange of the black squared bishops.
} 19. b5 Re8 20. Bb4 Bc7 21. Rac1 Be6 22. a4 Rac8 23. Qa3 {[%cal Gb4d6]} Qd7
24. Rfe1 Bf7 $11 25. Rxe8+ Rxe8 1/2-1/2